000 00231 a2200097 4500
001 10877
100 _aBass, B.
245 _aObjective Approaches to Personality Assessment
260 _a
_bD, Vas Nostrand
_c
090 _c8451
_d8451
942 _aNUST-CAE
_cM
_c35213
999 _c245950
_d245950